Kalkulácia hodnoty akciového indexu

Pojem divízor indexu. Výpočet hodnoty indexu. Výpočet deskriptívnych ukazovateľov indexu. Prislúchajúca miera rastu (attributable growth rate).

Salvato in:
Dettagli Bibliografici
Autore principale: Valter, Ján
Natura: Capitolo di libro
Lingua:slovacco
Soggetti:
Tags: Aggiungi Tag
Nessun Tag, puoi essere il primo ad aggiungerne!!

MARC

LEADER 00000nla$a2200000$$$4500
001 0046303
005 20231121080824.6
041 0 |a slo 
044 |a SK 
245 1 0 |a Kalkulácia hodnoty akciového indexu  |c Ján Valter 
520 |a Pojem divízor indexu. Výpočet hodnoty indexu. Výpočet deskriptívnych ukazovateľov indexu. Prislúchajúca miera rastu (attributable growth rate). 
610 2 0 |a indexy burzové 
610 2 0 |a kalkulácia 
610 2 0 |a hodnota 
610 2 0 |a metódy ekonomicko-matematické 
610 2 0 |a metódy indexné 
100 1 |a Valter, Ján